[Event "Schleswig Holstein-ch Seniors op 11th"]
[Site "Buesum"]
[Date "2017.09.16"]
[Round "9"]
[White "Hilbig, Klaus"]
[Black "Kluever, Horst"]
[Result "0-1"]
[WhiteElo "1646"]
[BlackElo "1867"]
[PlyCount "104"]
[EventDate "2017.09.08"]
[EventType "swiss"]
[EventRounds "9"]
[EventCountry "GER"]
[SourceTitle "EXT 2019"]
[Source "ChessBase"]
[SourceDate "2018.10.10"]
[SourceVersion "1"]
[SourceVersionDate "2018.10.10"]
[SourceQuality "1"]

1. d4 d5 2. Nf3 e6 3. e3 Nf6 4. Bd3 Bd6 5. Nbd2 0-0 6. 0-0 c5 7. b3 cxd4 8. exd4 Nc6 9. c3 Bd7 10. Bb2 Rc8 11. a4 Re8 12. Qe2 e5 13. dxe5 Nxe5 14. Nxe5 Bxe5 15. Qe3 Bg4 16. Bxh7+ Kxh7 17. Qd3+ Kg8 18. h3 Bh5 19. f4 Be2 20. Qxe2 Bxc3 21. Qd3 Bxb2 22. Ra2 Qb6+ 23. Kh1 Bd4 24. Nf3 Bc5 25. Qf5 Qxb3 26. Raa1 Ne4 27. Rfb1 Qd3 28. Kh2 Nf2 29. Qd7 b6 30. Re1 Ne4 31. Rad1 Qa6 32. Rxd5 Nf6 33. Rxe8+ Rxe8 34. Qc6 Rc8 35. Rxc5 Rxc6 36. Rxc6 Qb7 37. Rd6 Qc7 38. Rd4 Nh5 39. g3 f6 40. Nh4 Qc2+ 41. Ng2 Kh7 42. Rd7 Qxa4 43. Rb7 b5 44. Nh4 Qa2+ 45. Ng2 Qf2 46. Rxb5 Qxg3+ 47. Kg1 Nxf4 48. Rb2 Nxh3+ 49. Kf1 Qd3+ 50. Re2 Qd1+ 51. Ne1 Nf4 52. Rh2+ Kg8 0-1

[Event "Schleswig Holstein-ch Seniors op 11th"]
[Site "Buesum"]
[Date "2017.09.13"]
[Round "6"]
[White "Kluever, Horst"]
[Black "Moeller, Bernd"]
[Result "1/2-1/2"]
[WhiteElo "1867"]
[BlackElo "1717"]
[PlyCount "87"]
[EventDate "2017.09.08"]
[EventType "swiss"]
[EventRounds "9"]
[EventCountry "GER"]
[SourceTitle "EXT 2019"]
[Source "ChessBase"]
[SourceDate "2018.10.10"]
[SourceVersion "1"]
[SourceVersionDate "2018.10.10"]
[SourceQuality "1"]

1. e4 e5 2. Bc4 Be7 3. Nf3 d6 4. h3 Nf6 5. Nc3 0-0 6. 0-0 h6 7. Re1 c6 8. a4 b6 9. d4 Qc7 10. Be3 a6 11. Qe2 Bb7 12. Rad1 Rd8 13. Bb3 Nbd7 14. Bc1 b5 15. d5 b4 16. dxc6 Bxc6 17. Nd5 Nxd5 18. Bxd5 Bxd5 19. Rxd5 a5 20. Be3 Rdb8 21. Nh2 Nf6 22. Rb5 Nxe4 23. Bb6 Rxb6 24. Qxe4 Raa6 25. Rd5 Rc6 26. Re2 Rc4 27. Qd3 Rac6 28. Ng4 Rxc2 29. Ne3 Rxe2 30. Qxe2 Rc5 31. Rd1 Rc1 32. Nd5 Rxd1+ 33. Qxd1 Qb7 34. b3 Bh4 35. Qf3 Qa7 36. g4 Bd8 37. Ne3 g6 38. Nc4 Qa6 39. Qd5 Bc7 40. Qb5 Qc8 41. Kg2 Qd8 42. Qd5 Kf8 43. Ne3 h5 44. Qc6 1/2-1/2

[Event "Schleswig Holstein-ch Seniors op 10th"]
[Site "Buesum"]
[Date "2016.10.04"]
[Round "9"]
[White "Assmann, Hans"]
[Black "Kluever, Horst"]
[Result "1/2-1/2"]
[WhiteElo "1715"]
[BlackElo "1856"]
[PlyCount "81"]
[EventDate "2016.09.26"]
[EventType "swiss"]
[EventRounds "9"]
[EventCountry "GER"]
[SourceTitle "EXT 2019"]
[Source "ChessBase"]
[SourceDate "2018.10.10"]
[SourceVersion "1"]
[SourceVersionDate "2018.10.10"]
[SourceQuality "1"]

1. e4 e5 2. Nf3 Nc6 3. Bb5 Nd4 4. Be2 Nxe2 5. Qxe2 d6 6. c3 Bg4 7. h3 Bxf3 8. Qxf3 Qf6 9. Qe2 c6 10. d3 Qg6 11. f3 Be7 12. Be3 Bh4+ 13. Kd1 Bg3 14. Nd2 Nf6 15. Nf1 Nh5 16. Rg1 0-0 17. Qd2 Bf4 18. g4 Bxe3 19. Qxe3 Nf4 20. h4 f6 21. Ng3 Qf7 22. Nf5 Qc7 23. Kc2 g6 24. Nh6+ Kh8 25. Rg3 Qb6 26. Re1 Qa6 27. a3 Qa4+ 28. Kb1 Qb5 29. Rd1 a5 30. g5 Qb3 31. Rdg1 Qe6 32. Rh1 Nh5 33. Rgh3 f5 34. R3h2 c5 35. Rd2 f4 36. Qf2 b5 37. d4 cxd4 38. cxd4 Qb3 39. Rhd1 Qe3 40. Re2 Qb3 41. Red2 1/2-1/2

[Event "Hessen-ch Seniors op 12th"]
[Site "Bad Sooden-Allendorf"]
[Date "2016.05.03"]
[Round "4"]
[White "Bachmann, Friedrich"]
[Black "Kluever, Horst"]
[Result "0-1"]
[WhiteElo "1693"]
[BlackElo "1856"]
[PlyCount "84"]
[EventDate "2016.04.30"]
[EventType "swiss"]
[EventRounds "9"]
[EventCountry "GER"]
[SourceTitle "EXT 2019"]
[Source "ChessBase"]
[SourceDate "2018.10.10"]
[SourceVersion "1"]
[SourceVersionDate "2018.10.10"]
[SourceQuality "1"]

1. e4 e5 2. Nf3 d6 3. Nc3 c6 4. Bc4 Bg4 5. h3 Bh5 6. Be2 Bg6 7. d4 Nd7 8. Ng5 h6 9. Nf3 Ngf6 10. Bd3 exd4 11. Nxd4 Nc5 12. Nf5 Qc7 13. Ng3 0-0-0 14. Bf4 Re8 15. Qe2 Qb6 16. 0-0-0 Qc7 17. f3 Ne6 18. Be3 d5 19. Bf2 Bd6 20. Qe1 Nf4 21. Qg1 Nxd3+ 22. cxd3 Bxg3 23. Bxa7 Bf4+ 24. Kb1 Nd7 25. Bf2 dxe4 26. dxe4 f5 27. g3 Be5 28. Bd4 fxe4 29. f4 e3+ 30. Ka1 Bxd4 31. Rxd4 Qb6 32. Qd1 Nc5 33. Ne2 Ne4 34. Qa4 Nc5 35. Qb4 Qxb4 36. Rxb4 Rd8 37. Rd4 Rxd4 38. Nxd4 Rd8 39. Ne2 Rd2 40. Re1 Nd3 41. Rf1 Rxe2 42. f5 Bxf5 0-1

[Event "Hessen-ch Seniors op 11th"]
[Site "Bad Sooden-Allendorf"]
[Date "2015.05.16"]
[Round "8"]
[White "Kluever, Horst"]
[Black "Zoll, Theobald"]
[Result "1/2-1/2"]
[WhiteElo "1892"]
[BlackElo "1738"]
[PlyCount "58"]
[EventDate "2015.05.09"]
[EventType "swiss"]
[EventRounds "9"]
[EventCountry "GER"]
[SourceTitle "EXT 2018"]
[Source "ChessBase"]
[SourceDate "2017.10.13"]
[SourceVersion "1"]
[SourceVersionDate "2017.10.13"]
[SourceQuality "1"]

1. e4 c5 2. Nc3 Nc6 3. Nf3 d6 4. d4 cxd4 5. Nxd4 a6 6. Nf3 Nf6 7. Bc4 e6 8. a3 b5 9. Bb3 Be7 10. 0-0 0-0 11. h3 Qc7 12. Re1 Bb7 13. Bf4 Rad8 14. Qe2 h6 15. Bh2 Nd7 16. Rad1 Nde5 17. Nd4 Nxd4 18. Rxd4 Qb6 19. Red1 Rc8 20. Bf4 Nc4 21. Bc1 Qc6 22. Qg4 Kh8 23. R4d3 Ne5 24. Qe2 Nxd3 25. Qxd3 Rcd8 26. Qf3 f5 27. Bxe6 fxe4 28. Qh5 e3 29. Bd5 exf2+ 1/2-1/2

[Event "Hessen-ch Seniors op 11th"]
[Site "Bad Sooden-Allendorf"]
[Date "2015.05.12"]
[Round "4"]
[White "Kluever, Horst"]
[Black "Rother, Wilfried"]
[Result "1/2-1/2"]
[WhiteElo "1892"]
[BlackElo "1743"]
[PlyCount "60"]
[EventDate "2015.05.09"]
[EventType "swiss"]
[EventRounds "9"]
[EventCountry "GER"]
[SourceTitle "EXT 2018"]
[Source "ChessBase"]
[SourceDate "2017.10.13"]
[SourceVersion "1"]
[SourceVersionDate "2017.10.13"]
[SourceQuality "1"]

1. e4 e5 2. Nf3 Nf6 3. Nc3 d6 4. h3 b6 5. Bc4 Bb7 6. d3 Be7 7. 0-0 Nbd7 8. a3 Nf8 9. Ng5 d5 10. exd5 Bd6 11. Nge4 Nxe4 12. dxe4 Ng6 13. Bb5+ Ke7 14. Qf3 Rb8 15. b4 a6 16. Bc6 Bc8 17. b5 a5 18. a4 Rf8 19. Qh5 f6 20. Ne2 Rh8 21. Ng3 Nf4 22. Nf5+ Bxf5 23. Qxf5 Qc8 24. Bxf4 exf4 25. Rfe1 g6 26. Qxc8 Rbxc8 27. Rad1 g5 28. Rd3 Rcg8 29. g3 h5 30. Kg2 g4 1/2-1/2

[Event "Schleswig Holstein-ch Seniors"]
[Site "Hanerau"]
[Date "2015.04.01"]
[Round "4"]
[White "Weck, Uwe"]
[Black "Kluever, Horst"]
[Result "0-1"]
[WhiteElo "1681"]
[BlackElo "1898"]
[PlyCount "56"]
[EventDate "2015.03.28"]
[EventType "swiss"]
[EventRounds "9"]
[EventCountry "GER"]
[SourceTitle "EXT 2018"]
[Source "ChessBase"]
[SourceDate "2017.10.13"]
[SourceVersion "1"]
[SourceVersionDate "2017.10.13"]
[SourceQuality "1"]

1. d4 d5 2. Nf3 Nf6 3. g3 e6 4. Bg2 Be7 5. 0-0 0-0 6. Nbd2 c5 7. c3 Nc6 8. e3 Bd7 9. Re1 Qc7 10. Qc2 e5 11. Nxe5 Nxe5 12. dxe5 Qxe5 13. f4 Qd6 14. Nf3 g6 15. Ne5 Bf5 16. Qe2 h5 17. h3 Qe6 18. g4 hxg4 19. hxg4 Nxg4 20. Bh3 Nxe5 21. Bxf5 Qxf5 22. fxe5 Qxe5 23. Qg2 Qe4 24. Qh3 Kg7 25. Bd2 Rh8 26. Qg2 Rh4 27. c4 Rah8 28. Rf1 Rg4 0-1

[Event "Schleswig Holstein-ch Seniors"]
[Site "Hanerau"]
[Date "2015.03.31"]
[Round "5"]
[White "Lange, Karl Heinz"]
[Black "Kluever, Horst"]
[Result "0-1"]
[WhiteElo "1685"]
[BlackElo "1898"]
[PlyCount "68"]
[EventDate "2015.03.28"]
[EventType "swiss"]
[EventRounds "9"]
[EventCountry "GER"]
[SourceTitle "EXT 2018"]
[Source "ChessBase"]
[SourceDate "2017.10.13"]
[SourceVersion "1"]
[SourceVersionDate "2017.10.13"]
[SourceQuality "1"]

1. Nf3 d5 2. d4 Nf6 3. c4 e6 4. Bg5 Be7 5. e3 Nc6 6. Be2 Ne4 7. Bxe7 Nxe7 8. 0-0 0-0 9. Ne5 f6 10. Nf3 c6 11. Nbd2 Nd6 12. Qc2 Nf7 13. Rab1 Qc7 14. Rfc1 Bd7 15. b4 a6 16. Nb3 dxc4 17. Qxc4 Nd6 18. Qc2 Nb5 19. Nc5 Na3 20. Qb3 Nxb1 21. Rxb1 Qc8 22. Bc4 Nd5 23. e4 b5 24. Nxd7 bxc4 25. Qxc4 Qxd7 26. exd5 cxd5 27. Qd3 Qb5 28. Qd2 Rfc8 29. g3 Rc4 30. Kg2 Rac8 31. Qe1 Kf7 32. g4 Rc2 33. Qd1 Qe2 34. Qg1 R8c3 0-1

[Event "GER-chB Seniors 26th"]
[Site "Bad Neuenahr"]
[Date "2014.08.09"]
[Round "5"]
[White "Kluever, Horst"]
[Black "Schurig, Wilhelm"]
[Result "0-1"]
[WhiteElo "1865"]
[BlackElo "2026"]
[PlyCount "52"]
[EventDate "2014.08.05"]
[EventType "swiss"]
[EventRounds "9"]
[EventCountry "GER"]
[SourceTitle "EXT 2018"]
[Source "ChessBase"]
[SourceDate "2017.10.13"]
[SourceVersion "1"]
[SourceVersionDate "2017.10.13"]
[SourceQuality "1"]

1. e4 g6 2. d4 Bg7 3. c3 Nf6 4. Bd3 0-0 5. Nf3 d6 6. h3 c5 7. dxc5 dxc5 8. Be3 Qc7 9. Qe2 Nh5 10. g3 b6 11. Nbd2 Nc6 12. Rd1 Bb7 13. Ba6 Bxa6 14. Qxa6 Rad8 15. Qa4 Ne5 16. Nxe5 Qxe5 17. Qc2 Qc7 18. Nf1 Rxd1+ 19. Qxd1 Rd8 20. Qf3 Qc6 21. Nd2 Qa4 22. g4 Nf6 23. a3 Qc2 24. g5 Nd7 25. Nc4 b5 26. Na5 Ne5 0-1

[Event "GER-chB Seniors 26th"]
[Site "Bad Neuenahr"]
[Date "2014.08.08"]
[Round "4"]
[White "Kluever, Horst"]
[Black "Duerr, Hanno"]
[Result "1/2-1/2"]
[WhiteElo "1865"]
[BlackElo "1913"]
[PlyCount "93"]
[EventDate "2014.08.05"]
[EventType "swiss"]
[EventRounds "9"]
[EventCountry "GER"]
[SourceTitle "EXT 2018"]
[Source "ChessBase"]
[SourceDate "2017.10.13"]
[SourceVersion "1"]
[SourceVersionDate "2017.10.13"]
[SourceQuality "1"]

1. e4 c5 2. Nf3 Nf6 3. Nc3 d5 4. exd5 Nxd5 5. Nxd5 Qxd5 6. d4 cxd4 7. Qxd4 Qa5+ 8. Bd2 Qc7 9. Qc3 Nc6 10. Bb5 Bd7 11. 0-0 Rc8 12. Qe3 a6 13. Ba4 e6 14. c3 Be7 15. Bc2 Bf6 16. Rad1 Qa5 17. Bb1 Qh5 18. Rfe1 0-0 19. Ng5 h6 20. Qh3 Qxh3 21. Nxh3 Ne5 22. Bf4 Rc5 23. Bxe5 Bxe5 24. Rxd7 b5 25. f4 Bf6 26. Nf2 Rd5 27. Rxd5 exd5 28. Nd3 d4 29. cxd4 Bxd4+ 30. Kf1 Rd8 31. Rd1 Bf6 32. b3 g5 33. g3 a5 34. Nf2 Rb8 35. Ne4 Be7 36. Rd7 Kf8 37. Bd3 a4 38. bxa4 bxa4 39. Bc4 Rb6 40. Rd2 gxf4 41. gxf4 Rb4 42. Rc2 f5 43. Nd2 Bd6 44. Be6 Ke7 45. Bxf5 Rxf4+ 46. Kg2 Rxf5 47. Nc4 1/2-1/2

[Event "GER-chB Seniors 26th"]
[Site "Bad Neuenahr"]
[Date "2014.08.06"]
[Round "2"]
[White "Wraga, Teresa"]
[Black "Kluever, Horst"]
[Result "0-1"]
[WhiteElo "1622"]
[BlackElo "1865"]
[PlyCount "68"]
[EventDate "2014.08.05"]
[EventType "swiss"]
[EventRounds "9"]
[EventCountry "GER"]
[SourceTitle "EXT 2018"]
[Source "ChessBase"]
[SourceDate "2017.10.13"]
[SourceVersion "1"]
[SourceVersionDate "2017.10.13"]
[SourceQuality "1"]

1. e4 e5 2. Nc3 Nc6 3. g3 Nf6 4. Bg2 a6 5. Nge2 Bc5 6. 0-0 d6 7. d3 h6 8. Be3 Nd4 9. h3 Ba7 10. Nd5 c6 11. Nxf6+ Qxf6 12. Nxd4 exd4 13. Bd2 0-0 14. f4 Qe7 15. Kh2 f5 16. exf5 Bxf5 17. Re1 Qd7 18. g4 Bh7 19. Be4 g6 20. c3 d5 21. Bg2 Bb8 22. Rf1 g5 23. Qf3 Bxf4+ 24. Bxf4 Rxf4 25. Qe2 Re8 26. Qd2 Ref8 27. Rxf4 Rxf4 28. c4 Qd6 29. Kg1 dxc4 30. dxc4 d3 31. Qe3 Qd4 32. Qxd4 Rxd4 33. b3 d2 34. Rd1 Bc2 0-1

[Event "GER-chB Seniors 26th"]
[Site "Bad Neuenahr"]
[Date "2014.08.05"]
[Round "1"]
[White "Kluever, Horst"]
[Black "Hartlaub, Marianne"]
[Result "1-0"]
[WhiteElo "1865"]
[BlackElo "1592"]
[PlyCount "65"]
[EventDate "2014.08.05"]
[EventType "swiss"]
[EventRounds "9"]
[EventCountry "GER"]
[SourceTitle "EXT 2018"]
[Source "ChessBase"]
[SourceDate "2017.10.13"]
[SourceVersion "1"]
[SourceVersionDate "2017.10.13"]
[SourceQuality "1"]

1. e4 d6 2. d4 Nf6 3. Nc3 c6 4. Nf3 Bg4 5. Be2 Nbd7 6. h3 Bxf3 7. Bxf3 e5 8. d5 cxd5 9. exd5 Be7 10. 0-0 0-0 11. Ne4 Qc7 12. b3 a6 13. Bg5 b5 14. Qd3 Rac8 15. Rfc1 Kh8 16. a4 Nc5 17. Nxc5 Qxc5 18. c4 bxa4 19. Rxa4 Ra8 20. Be3 Qc8 21. Bd1 Nd7 22. Bc2 g6 23. b4 f5 24. f4 Bf6 25. c5 e4 26. Qa3 dxc5 27. bxc5 Be7 28. d6 Bf6 29. Bb3 Nb8 30. Bd5 Ra7 31. c6 Rg7 32. d7 Qc7 33. Qxf8+ 1-0

[Event "Hessen-ch Seniors op 10th"]
[Site "Bad Sooden-Allendorf"]
[Date "2014.05.04"]
[Round "9"]
[White "Mertens, Gottfried"]
[Black "Kluever, Horst"]
[Result "1-0"]
[WhiteElo "1900"]
[BlackElo "1882"]
[PlyCount "64"]
[EventDate "2014.04.26"]
[EventType "swiss"]
[EventRounds "9"]
[EventCountry "GER"]
[SourceTitle "EXT 2018"]
[Source "ChessBase"]
[SourceDate "2017.10.13"]
[SourceVersion "1"]
[SourceVersionDate "2017.10.13"]
[SourceQuality "1"]

1. e3 e5 2. d4 exd4 3. exd4 d5 4. Bd3 Be6 5. Ne2 Nf6 6. Nd2 Bd6 7. Nf3 h6 8. h3 Nbd7 9. Bf4 Nf8 10. 0-0 Ne4 11. Bxd6 Qxd6 12. c3 f5 13. Ne5 g5 14. Qb3 0-0-0 15. Qc2 c5 16. f3 c4 17. Bxe4 dxe4 18. fxe4 fxe4 19. Qxe4 Bd5 20. Qf5+ Nd7 21. Nxd7 Rxd7 22. Qf6 Re8 23. Qxd6 Rxd6 24. Ng3 Rde6 25. Nf5 Rb6 26. Rf2 Kd7 27. Ng3 Re3 28. Nh5 Rg6 29. Kh2 a5 30. Ng3 Kd6 31. Re2 Rxe2 32. Nxe2 Re6 1-0

[Event "Hessen-ch Seniors op 10th"]
[Site "Bad Sooden-Allendorf"]
[Date "2014.05.03"]
[Round "8"]
[White "Kluever, Horst"]
[Black "Knab, Horst"]
[Result "1-0"]
[WhiteElo "1882"]
[BlackElo "1430"]
[PlyCount "97"]
[EventDate "2014.04.26"]
[EventType "swiss"]
[EventRounds "9"]
[EventCountry "GER"]
[SourceTitle "EXT 2018"]
[Source "ChessBase"]
[SourceDate "2017.10.13"]
[SourceVersion "1"]
[SourceVersionDate "2017.10.13"]
[SourceQuality "1"]

1. e4 g6 2. d4 Bg7 3. c3 d6 4. Nf3 Nd7 5. Bc4 Ngf6 6. Bxf7+ Kf8 7. Ng5 Nb6 8. Qb3 h6 9. Ne6+ Bxe6 10. Qxe6 Qd7 11. Qxd7 Nbxd7 12. Bxg6 e5 13. 0-0 Ke7 14. h3 Raf8 15. f4 Kd8 16. Be3 Ne8 17. Nd2 b6 18. Rad1 Bf6 19. fxe5 dxe5 20. dxe5 Bxe5 21. Rxf8 Rxf8 22. Bxh6 Bg7 23. Bg5+ Kc8 24. Nf3 Nd6 25. Be7 Rh8 26. Bxd6 cxd6 27. Rxd6 Kc7 28. Rd5 Rh6 29. Bf5 Rd6 30. Nd4 Rxd5 31. Ne6+ Kd6 32. exd5 Be5 33. Be4 Nc5 34. Bf3 Nd3 35. g4 Nxb2 36. g5 Bxc3 37. g6 Ke7 38. g7 Kf7 39. Bh5+ Kg8 40. d6 Nc4 41. d7 Bf6 42. d8Q+ Bxd8 43. Nxd8 Kxg7 44. Be2 Ne5 45. a4 a5 46. Nb7 Kf6 47. Nd6 Ke6 48. Nc8 Nd7 49. Bg4+ 1-0

[Event "Hessen-ch Seniors op 10th"]
[Site "Bad Sooden-Allendorf"]
[Date "2014.04.28"]
[Round "3"]
[White "Voermans, Adri"]
[Black "Kluever, Horst"]
[Result "1/2-1/2"]
[WhiteElo "1869"]
[BlackElo "1882"]
[PlyCount "103"]
[EventDate "2014.04.26"]
[EventType "swiss"]
[EventRounds "9"]
[EventCountry "GER"]
[SourceTitle "EXT 2018"]
[Source "ChessBase"]
[SourceDate "2017.10.13"]
[SourceVersion "1"]
[SourceVersionDate "2017.10.13"]
[SourceQuality "1"]

1. d4 d5 2. c4 e6 3. Nc3 c6 4. Bf4 Bd6 5. Bxd6 Qxd6 6. c5 Qc7 7. Nf3 Nf6 8. b4 b5 9. e3 a5 10. a3 axb4 11. axb4 Rxa1 12. Qxa1 Qb7 13. Bd3 Qa6 14. 0-0 Qxa1 15. Rxa1 0-0 16. Ne5 Nfd7 17. Nxd7 Nxd7 18. f4 Nb8 19. Ra7 Na6 20. Na2 g6 21. g4 f5 22. g5 Rf7 23. Ra8 Rc7 24. h4 Kg7 25. Kf2 Bb7 26. Ra7 Bc8 27. Rxc7+ Nxc7 28. Ke2 Na6 29. Kd2 h5 30. Kc3 Nc7 31. Nc1 Kf7 32. Nb3 Ke7 33. Na5 Kd7 34. Be2 Ba6 35. Nb3 Ne8 36. Nd2 Ng7 37. Nf3 Bb7 38. Ne5+ Ke8 39. Nxg6 Bc8 40. Ne5 Bd7 41. Kd2 Ke7 42. Bf3 Be8 43. Nd3 Kd8 44. Nf2 Ke7 45. Kd3 Bg6 46. Be2 Be8 47. Kc3 Kd8 48. Nd3 Ke7 49. Nc1 Kd7 50. Nb3 Kc7 51. Na5 Bg6 52. Kb3 1/2-1/2

[Event "Hessen-ch Seniors op 09th"]
[Site "Bad Sooden-Allendorf"]
[Date "2013.04.25"]
[Round "6"]
[White "Kluever, Horst"]
[Black "Bachmann, Rolf"]
[Result "0-1"]
[WhiteElo "1882"]
[BlackElo "2039"]
[PlyCount "120"]
[EventDate "2013.04.20"]
[EventType "swiss"]
[EventRounds "9"]
[EventCountry "GER"]
[SourceTitle "EXT 2019"]
[Source "ChessBase"]
[SourceDate "2018.10.10"]
[SourceVersion "1"]
[SourceVersionDate "2018.10.10"]
[SourceQuality "1"]

1. e4 c5 2. Nf3 Nc6 3. d4 cxd4 4. Nxd4 d6 5. c3 Nf6 6. Bd3 g6 7. h3 Bg7 8. Be3 0-0 9. Nf3 Qc7 10. Bf4 a6 11. Nbd2 b5 12. Rc1 Bb7 13. 0-0 Rac8 14. Re1 Nd7 15. Qe2 Nde5 16. Bb1 Qb8 17. Nb3 Nxf3+ 18. Qxf3 b4 19. Nc5 Rfd8 20. Nxb7 Qxb7 21. e5 bxc3 22. bxc3 dxe5 23. Bxe5 Bxe5 24. Rxe5 Qb2 25. Ree1 Rd2 26. Rcd1 Rcd8 27. Rxd2 Qxd2 28. Rf1 Rd6 29. Qe3 Kg7 30. Be4 Qxe3 31. fxe3 f5 32. Bf3 Ne5 33. Be2 Rd2 34. Bxa6 Rxa2 35. Bb5 Rc2 36. c4 Nxc4 37. Re1 Nd6 38. Ba4 Rd2 39. Bc6 e5 40. Bf3 e4 41. Rd1 Nc4 42. Rxd2 Nxd2 43. Be2 Kf6 44. Kf2 Ke5 45. Ke1 Nb1 46. g3 g5 47. Bh5 Nc3 48. Kd2 Nd5 49. Bf7 h6 50. Ke2 f4 51. exf4+ gxf4 52. Bxd5 f3+ 53. Ke3 Kxd5 54. g4 Ke5 55. h4 Kf6 56. Kf2 Ke6 57. Ke3 Ke5 58. Kf2 Kf4 59. g5 hxg5 60. h5 Kf5 0-1

[Event "Hessen-ch Seniors op 09th"]
[Site "Bad Sooden-Allendorf"]
[Date "2013.04.23"]
[Round "4"]
[White "Kluever, Horst"]
[Black "Neumann, Peter1111"]
[Result "1-0"]
[WhiteElo "1882"]
[BlackElo "1791"]
[PlyCount "119"]
[EventDate "2013.04.20"]
[EventType "swiss"]
[EventRounds "9"]
[EventCountry "GER"]
[SourceTitle "EXT 2019"]
[Source "ChessBase"]
[SourceDate "2018.10.10"]
[SourceVersion "1"]
[SourceVersionDate "2018.10.10"]
[SourceQuality "1"]

1. e4 c5 2. Nf3 Nc6 3. d4 cxd4 4. Nxd4 Nf6 5. Nxc6 bxc6 6. Bd3 d6 7. 0-0 g6 8. Qe2 Bg7 9. Nc3 0-0 10. Kh1 Qc7 11. h3 e5 12. f4 exf4 13. Bxf4 Nd7 14. Bd2 Ne5 15. Rac1 Be6 16. b3 Rae8 17. Na4 Qe7 18. Qf2 f5 19. Qe1 fxe4 20. Rxf8+ Rxf8 21. Bxe4 Qd7 22. Qe3 c5 23. c4 Nf7 24. Rd1 Bd4 25. Qg3 Be5 26. Bf4 Bxf4 27. Qxf4 Ne5 28. Qg3 Qe7 29. Nc3 Rf7 30. Nd5 Qf8 31. Ne3 Rf2 32. Rxd6 Qxd6 33. Qxf2 Qd4 34. Bc2 Bf7 35. a4 Nc6 36. Qe2 Qe5 37. Qd2 Nd4 38. Bd1 Qf4 39. Qe1 Qe4 40. Qg3 Kg7 41. Ng4 Qf5 42. Qe5+ Qxe5 43. Nxe5 Be6 44. Nd3 Bf5 45. Nxc5 Kf6 46. b4 Ke5 47. a5 Nc6 48. g4 Be4+ 49. Nxe4 Kxe4 50. b5 Nxa5 51. c5 Kd5 52. c6 Kd6 53. g5 Nc4 54. Bb3 Ne5 55. Kg2 Nxc6 56. bxc6 Kxc6 57. Bg8 a5 58. Bxh7 a4 59. Bxg6 a3 60. Bf7 1-0

[Event "Hessen-ch Seniors op 09th"]
[Site "Bad Sooden-Allendorf"]
[Date "2013.04.22"]
[Round "3"]
[White "Schumacher, Helmut"]
[Black "Kluever, Horst"]
[Result "1-0"]
[WhiteElo "2021"]
[BlackElo "1882"]
[PlyCount "55"]
[EventDate "2013.04.20"]
[EventType "swiss"]
[EventRounds "9"]
[EventCountry "GER"]
[SourceTitle "EXT 2019"]
[Source "ChessBase"]
[SourceDate "2018.10.10"]
[SourceVersion "1"]
[SourceVersionDate "2018.10.10"]
[SourceQuality "1"]

1. d4 d5 2. Nc3 Nf6 3. Bg5 Bf5 4. f3 h6 5. Bxf6 gxf6 6. e4 dxe4 7. fxe4 Bg6 8. Nf3 e6 9. a3 c6 10. Be2 Qb6 11. Rb1 Nd7 12. b4 Qc7 13. 0-0 Be7 14. Bd3 Bh5 15. Qe1 Bd6 16. Qh4 Bg6 17. e5 Be7 18. Bxg6 fxg6 19. Qg4 Nf8 20. exf6 Bxf6 21. Ne4 Be7 22. Ne5 h5 23. Qh3 0-0-0 24. c3 Rg8 25. Rf7 Rh8 26. Rbf1 Kb8 27. Rxe7 Qxe7 28. Rf7 1-0

[Event "Hessen-ch Seniors op 07th"]
[Site "Bad Sooden-Allendorf"]
[Date "2011.05.06"]
[Round "7"]
[White "Kluever, Horst"]
[Black "Gudat, Alfons"]
[Result "0-1"]
[WhiteElo "1638"]
[BlackElo "1863"]
[PlyCount "148"]
[EventDate "2011.04.30"]
[EventType "swiss"]
[EventRounds "9"]
[EventCountry "GER"]
[SourceTitle "EXT 2012"]
[Source "ChessBase"]
[SourceDate "2011.11.24"]
[SourceVersion "1"]
[SourceVersionDate "2011.11.24"]
[SourceQuality "1"]

1. e4 c5 2. Nf3 Nc6 3. d4 cxd4 4. Nxd4 Nf6 5. f3 d5 6. exd5 Qxd5 7. Be3 e5 8. Nxc6 Qxd1+ 9. Kxd1 bxc6 10. Bd3 Nd5 11. Re1 Be7 12. Bf2 0-0 13. Nd2 f6 14. c3 Nf4 15. Bf1 Bf5 16. Ne4 Bg6 17. g3 Nd5 18. Bc4 Kh8 19. Re2 f5 20. Nc5 e4 21. Ne6 Rf6 22. Bxd5 cxd5 23. Nf4 Bf7 24. Ke1 g5 25. Nh3 Rh6 26. Bd4+ Kg8 27. Ng1 Bd6 28. Rg2 Re6 29. f4 gxf4 30. gxf4+ Rg6 31. Rxg6+ Bxg6 32. Ne2 Kf7 33. Kf2 a5 34. Rg1 a4 35. Ke3 Rb8 36. Rb1 Bh5 37. Ng3 Bg6 38. b4 axb3 39. axb3 h5 40. b4 h4 41. Nh1 Ra8 42. Rb2 Ra1 43. Nf2 Bh5 44. Nh3 Re1+ 45. Kf2 Rd1 46. Ra2 Be7 47. Be3 Rh1 48. Ra7 Rxh2+ 49. Kg1 Rxh3 50. Bc5 Kg7 51. Rxe7+ Bf7 52. b5 Kf6 53. b6 Rxc3 54. Rc7 Rb3 55. Bd4+ Kg6 56. b7 Be6 57. Rg7+ Kh6 58. Be5 d4 59. Bxd4 Bd5 60. Rd7 Bxb7 61. Rd6+ Kh5 62. Rb6 Rxb6 63. Bxb6 Kg4 64. Kh2 Kxf4 65. Kh3 Kf3 66. Kxh4 e3 67. Kg5 Be4 68. Ba5 e2 69. Be1 Kg2 70. Kf4 Kf1 71. Bg3 e1Q 72. Bxe1 Kxe1 73. Ke3 Kf1 74. Kf4 Kf2 0-1

[Event "Schleswig-Holstein-ch Seniors"]
[Site "Buesum"]
[Date "2010.03.31"]
[Round "6"]
[White "Hermann, Armin"]
[Black "Kluever, Horst"]
[Result "1/2-1/2"]
[WhiteElo "1749"]
[BlackElo "1922"]
[PlyCount "133"]
[EventDate "2010.03.27"]
[EventType "swiss"]
[EventRounds "9"]
[EventCountry "GER"]
[SourceTitle "EXT 2023"]
[Source "ChessBase"]
[SourceDate "2022.10.05"]
[SourceVersion "1"]
[SourceVersionDate "2022.10.05"]
[SourceQuality "1"]

1. Nf3 Nc6 2. d4 d5 3. e3 a6 4. c3 Nf6 5. Bd3 e6 6. Nbd2 Be7 7. 0-0 h6 8. Qe2 0-0 9. e4 dxe4 10. Nxe4 Nh7 11. Bd2 Kh8 12. Rad1 Qe8 13. Ng3 f5 14. Bc4 Qg6 15. Bf4 Bd6 16. Nh4 Qe8 17. Bxd6 cxd6 18. Rfe1 Nf6 19. Bxe6 Ne4 20. Nxe4 Qxe6 21. d5 Qxe4 22. Qxe4 fxe4 23. dxc6 Rf6 24. Rxe4 bxc6 25. Re8+ Kh7 26. Rd8 d5 27. Re1 Bb7 28. Rd7 Bc8 29. Rc7 Re6 30. Rxe6 Bxe6 31. Rxc6 Re8 32. Kf1 Bd7 33. Rb6 Bb5+ 34. Rxb5 axb5 35. Nf3 Rb8 36. a3 Kg6 37. Ke2 Kf6 38. Kd3 g5 39. Kd4 Ke6 40. Kc5 g4 41. Nd4+ Kd7 42. Kxd5 Rf8 43. f3 gxf3 44. gxf3 Rg8 45. h4 Rg2 46. b3 h5 47. Kc5 Rh2 48. Kxb5 Rxh4 49. a4 Rxd4 50. cxd4 h4 51. a5 h3 52. a6 Kc7 53. d5 h2 54. d6+ Kxd6 55. a7 h1Q 56. a8Q Qf1+ 57. Kb4 Qe1+ 58. Kb5 Qf1+ 59. Kb6 Qf2+ 60. Ka6 Qa2+ 61. Kb7 Qxb3+ 62. Kc8 Qc4+ 63. Kb7 Qc6+ 64. Ka7 Qc5+ 65. Ka6 Qa3+ 66. Kb7 Qxf3+ 67. Kb8 1/2-1/2